000 00439nam a2200181Ia 4500
001 7794
005 20260306160521.0
008 260306t2007||||xx |||||||||||||| ||spa||
041 _aESP
082 _a362.2
_bV935
100 _aVelázquez, Tesania
_eAUT
245 0 _aSalud mental en el Perú:
_bDolor y propuesta
260 _c2007
300 _a127 páginas :
_c21 cm.
650 _aGEN
654 _aCPS
942 _cLIB
_dJUS
_fJUS
_2ddc
_n
999 _c7794
_d7794